| 000 | 00532nam a22001697a 4500 | ||
|---|---|---|---|
| 003 | NUST | ||
| 038 | _aNusrat Nadeem | ||
| 082 | _a200 | ||
| 100 |
_aEjaz, Kanwal _9123728 |
||
| 245 |
_aWave Propagation in Initially-stressed Compressible Hyperelastic Materials/ _cKanwal Ejaz |
||
| 264 |
_aIslamabad; _bSNS NUST; _c2021; |
||
| 300 |
_a139,p; _bill; _c30,cm. |
||
| 650 |
_aPhD-Mathematics _9123169 |
||
| 700 |
_aSupervisor:Dr.Moniba Shams _9123729 |
||
| 856 | _uhttp://10.250.8.41:8080/xmlui/handle/123456789/27668 | ||
| 942 |
_2ddc _cSC |
||
| 999 |
_c609817 _d609817 |
||